000 00643nam a2200169Ia 4500
008 090123s9999 xx 000 0 und d
082 _b31538
_a891.463/पाध्ये
100 _aपाध्ये भाऊ
245 _aबॅरिस्टर अनिरुध्द धोपेश्वरकर
250 _a0
300 _a128
600 _aपाध्ये भाऊ
630 _aबॅरिस्टर अनिरुध्द धोपेश्वरकर
700 _aपाध्ये भाऊ
730 _aबॅरिस्टर अनिरुध्द धोपेश्वरकर
942 _cBOOK
999 _c69597
_d69597